00477nam a22001337a 4500003000200000005001700002008004100019050002200060100003000082245012700112260007300239300001800312500001300330020231107130155.0231107b xxu||||| |||| 00| 0 eng d aRC 569b.M35 2023 aMalabanan, Jean Hannah E. aSocial appearance anxiety and body image satisfaction among young adults who struggle with acnecMalabanan, Jean Hannah E. aLas Pinas CitybSouthville International School and Collegescc2023. a255 p.c28cm. aAnxiety.